000 00235nam a22000977a 4500
008 230403b |||||||| |||| 00| 0 eng d
020 _a9781569319000
100 _aKishimoto Masashi-Vol-1
_97663
245 _aNaruto-1
260 _aUSA
_c2021
999 _c12238
_d12238